| 000 | 00660nam a2200217Ii 4500 | ||
|---|---|---|---|
| 003 | JO-AjNU | ||
| 008 | 230605s9999||||xx |||||||||||||| ||und|| | ||
| 017 | _a1984/603 | ||
| 040 |
_aJO-AjNU _bara _erda _cJO-AjNU |
||
| 041 | _aara | ||
| 050 | 1 | 4 | _aB741 S52.1984 |
| 100 | 3 |
_aعبد الجبار، شاكر, _eauthor _937330 |
|
| 245 | 0 | 0 | _aقبس قرآني عظيم:المنهج العلمي للإعتقاد |
| 250 | _aط1 | ||
| 264 | 3 | 1 | _aد.م:مكتبة القدس ،1984 |
| 300 | _a237ص | ||
| 336 |
_atext _btxt _2rdacontent |
||
| 337 |
_aunmediated _bn _2rdamedia |
||
| 338 |
_avolume _bnc _2rdacarrier |
||
| 650 | 4 |
_a علم الكلام _937331 |
|
| 999 |
_aA15588 _c19156 _d19156 |
||